000 00387nam a2200145Ia 4500
008 230917s9999||||xx |||||||||||||| ||und||
040 _e159928
_aMAIN
041 _aEnglish
082 _a355.411 S64T
100 _aSingh, J V
245 0 _aTransformation in defence logistics: Trends and pointers
260 _aNew Delhi
_bKW Publishers
_c2010
300 _axiii, 325 p.
942 _cBK
999 _c155689
_d155689